Desplazamiento forzoso y reubicación Un estudio de casos (Registro nro. 25940)
[ vista simple ]
| 000 -ENCABEZADO | |
|---|---|
| Número de control [NR] | 00971nam a2200265Ia 4500 |
| 008 - DE LONGITUD FIJA DE DATOS DE ELEMENTOS - INFORMACIÓN GENERAL | |
| Elementos de longitud fija [NR] | 130821s1998 ck gr spa |
| 040 ## - FUENTE DE CATALOGACION [NR] | |
| Agencia de catalogación original [NR] | Co-BoUCM |
| Idioma de catalogación [NR] | spa |
| 041 00 - CODIGO DE IDIOMA [R] | |
| Código de idioma para texto/pista de sonido o título separado [R] | Español |
| 110 ## - ASIENTO PRINCIPAL--NOMBRE CORPORATIVO [NR] | |
| Nombre corporativo o de jurisdicción como elemento de entrada [NR] | Colombia. |
| Unidad subordinada [R] | Procuraduría General de la Nación |
| ID de autoridad | 4062 |
| 245 00 - MENCION DE TITULO [NR] | |
| Título [NR] | Desplazamiento forzoso y reubicación Un estudio de casos |
| Mención de responsabilidad, etc. [NR] | E. Miguel Alvarez-Correa [et. al] |
| 260 ## - PUBLICACION, DISTRIBUCION, ETC. (PIE DE IMPRENTA) [R] | |
| Lugar de publicación, distribución, etc. [R] | Bogotá (Cundinamarca, Colombia) |
| Nombre del editor, distribuidor, etc. [R] | La Procuraduría |
| Fecha de publicación, distribución, etc. [R] | 1998 |
| 300 ## - DESCRIPCION FISICA [R] | |
| Extensión [R] | 191 páginas |
| 504 ## - NOTA DE BIBLIOGRAFIA, ETC. [R] | |
| Nota de bibliografía, etc. [NR] | |
| 650 04 - ASIENTO SECUNDARIO DE MATERIA - TERMINO TEMATICO [R] | |
| Término temático o nombre geográfico como elemento de entrada [NR] | Problemas sociales |
| 9 (RLIN) | 22324 |
| 650 04 - ASIENTO SECUNDARIO DE MATERIA - TERMINO TEMATICO [R] | |
| Término temático o nombre geográfico como elemento de entrada [NR] | Refugiados políticos |
| Subdivisión geográfica [R] | Colombia |
| 9 (RLIN) | 23320 |
| 650 04 - ASIENTO SECUNDARIO DE MATERIA - TERMINO TEMATICO [R] | |
| Término temático o nombre geográfico como elemento de entrada [NR] | Violencia |
| 9 (RLIN) | 422 |
| 650 04 - ASIENTO SECUNDARIO DE MATERIA - TERMINO TEMATICO [R] | |
| Término temático o nombre geográfico como elemento de entrada [NR] | Violencia |
| Subdivisión geográfica [R] | Colombia |
| 9 (RLIN) | 26294 |
| 700 ## - ASIENTO SECUNDARIO - NOMBRE PERSONAL [R] | |
| Nombre personal [NR] | Alvarez Correa, E. Miguel |
| 9 (RLIN) | 157302 |
| 700 ## - ASIENTO SECUNDARIO - NOMBRE PERSONAL [R] | |
| Nombre personal [NR] | Calvo, A. Julieta |
| 9 (RLIN) | 157303 |
| 700 ## - ASIENTO SECUNDARIO - NOMBRE PERSONAL [R] | |
| Nombre personal [NR] | Cock, Víctor M. |
| 9 (RLIN) | 157304 |
| 700 ## - ASIENTO SECUNDARIO - NOMBRE PERSONAL [R] | |
| Nombre personal [NR] | Moreno, Carlos A. |
| 9 (RLIN) | 157305 |
| 700 ## - ASIENTO SECUNDARIO - NOMBRE PERSONAL [R] | |
| Nombre personal [NR] | Soler, L. Arturo |
| 9 (RLIN) | 157306 |
| 942 ## - ELEMENTOS DE ENTRADA AGREGADOS (KOHA) | |
| Tipo de ítem principal el descrito en 300a | Libro |
| Tema principal | Ciencia política |
| Edición | 1 |
| Parte restante de la signatura top. | C67 |
| Sistema de clasificación | DEWEY |
| Clasificación | 325.21 |
| Fecha de último préstamo | Total préstamos | Signatura topográfica | Código de barras | Última vez visto | Volúmen / Fascículo | Ejemplar | Price effective from | Tipo de ítem | Perdido | Sistema de clasificación | Dañado | No prestable | Tipo de ítem específico | Suprimido | Ubicación habitual | Ubicación actual | Localización | Fecha de creación | Forma de adquisición | Costo |
|---|---|---|---|---|---|---|---|---|---|---|---|---|---|---|---|---|---|---|---|---|
| 14/03/2016 | 7 | 325.21 C67 | 100030153 | 06/06/2024 | 1a. Ed. | Ej.2 | 03/02/2013 | Libro | DEWEY | Libro | Bodega | Bodega | 3er piso | 28/02/2003 | 0.00 |